| 000 | 00913nam a2200289Ia 4500 | ||
|---|---|---|---|
| 003 | OSt | ||
| 005 | 20221005035146.0 | ||
| 006 | a|||||r|||| 00| 0 | ||
| 007 | ta | ||
| 008 | 221004b |||||||| |||| 00| 0 san d | ||
| 020 |
_a8170301173 (hbk) _cINR 800.00 |
||
| 024 | _a38119 | ||
| 037 |
_b375, 10/03/2018, Eastern Book Linkers _cTextual |
||
| 040 |
_aCRL _cCRL _bsan |
||
| 041 |
_2san _asan |
||
| 082 | _aAxJ01, Q6 | ||
| 100 |
_aOrta G. Da Au. _9588020 |
||
| 245 | 0 | _aColloquies on the simple and drugs of India | |
| 260 |
_aDelhi _bIndian Book Centre India _c2016 |
||
| 300 |
_axx,508p. _ccm. |
||
| 490 | _aIndian medical science; Series no. 5 | ||
| 650 | _a SCIENCE | ||
| 650 | _aMEDICAL BOTANY | ||
| 700 |
_a Markham Clements Au. _9588021 |
||
| 942 |
_hAxJ01, Q6 _cTEXL _2cc |
||
| 999 |
_c944715 _d944715 |
||